[Event "32nd Rubinstein Memorial"]
[Site "Polanica Zdroj POL"]
[Date "1995.08.??"]
[Round "8"]
[White "Markowski, Tomasz"]
[Black "Topalov, Veselin"]
[WhiteElo "2530"]
[BlackElo "2670"]
[Result "1/2-1/2"]
[EventDate "1995.08.14"]
[PlyCount "90"]
1. c4 g6 2. g3 Bg7 3. Bg2 e5 4. Nc3 d6 5. d3 f5 6. e4 Nf6 7. Nge2 O-O 8. O-O c6 9. exf5 gxf5 10. d4 Na6 11. b3 Bd7 12. dxe5 dxe5 13. Qd6 Qe8 14. Bg5 h6 15. Bh4 Rd8 16. Rad1 Bc8 17. Qa3 Rxd1 18. Rxd1 f4 19. Qd6 Ng4 20. Be4 fxg3 21. Bxg3 Nf6 22. Bg2 Nh5 23. Ne4 Bf5 24. Qd2 Qg6 25. Qe3 Nc7 26. Rd6 Qf7 27. Rd2 Ne8 28. Nd6 Nxd6 29. Rxd6 Bg4 30. h3 Bc8 31. Bh4 Nf4 32. Nxf4 exf4 33. Qf3 Qc7 34. Rd2 Bf5 35. Re2 Rf7 36. Rd2 Kh7 37. Bf1 Qe5 38. Rd1 Qe6 39. Bd3 Qg6+ 40. Kh2 Bxd3 41. Qxd3 c5 42. Qf3 Bd4 43. Rg1 Qf5 44. Qg2 Rg7 45. Qf3 Rf7 1/2-1/2

[Event "32nd Rubinstein Memorial"]
[Site "Polanica Zdroj POL"]
[Date "1995.08.??"]
[Round "9"]
[White "Ftacnik, Lubomir"]
[Black "Tiviakov, Sergei"]
[WhiteElo "2580"]
[BlackElo "2655"]
[Result "1/2-1/2"]
[EventDate "1995.08.14"]
[PlyCount "81"]
1. Nf3 Nf6 2. c4 b6 3. g3 e6 4. Bg2 Bb7 5. O-O Be7 6. d4 O-O 7. Nc3 Ne4 8. Qc2 Nxc3 9. Qxc3 c5 10. b3 Bf6 11. Bb2 d6 12. Rad1 Nc6 13. Qd2 Qe7 14. e4 cxd4 15. Nxd4 Rfd8 16. Rfe1 Nxd4 17. Bxd4 Bxd4 18. Qxd4 Qc7 19. Re3 Rd7 20. Red3 Rad8 21. Qe3 Kf8 22. h4 Qc5 23. Qd2 Ke7 24. Kh2 h6 25. f4 Kf8 26. Rf1 Kg8 27. f5 Qe5 28. f6 Bxe4 29. Bxe4 Qxe4 30. Rd4 Qg6 31. Qe2 Kh8 32. Rg4 Qh5 33. fxg7+ Kg8 34. Rf6 d5 35. Kh3 dxc4 36. Qxc4 Rd1 37. Qe4 b5 38. Rgf4 R1d7 39. Rg4 Rd1 40. Rgf4 R1d7 41. Rg4 1/2-1/2

[Event "32nd Rubinstein Memorial"]
[Site "Polanica Zdroj POL"]
[Date "1995.08.??"]
[Round "10"]
[White "Markowski, Tomasz"]
[Black "Ftacnik, Lubomir"]
[WhiteElo "2530"]
[BlackElo "2580"]
[Result "1/2-1/2"]
[EventDate "1995.08.14"]
[PlyCount "150"]
1. c4 Nf6 2. g3 c6 3. Nf3 d5 4. b3 Bf5 5. Bb2 e6 6. Bg2 h6 7. O-O Be7 8. d3 O-O 9. Nbd2 Bh7 10. a3 a5 11. Rc1 Nbd7 12. Bh3 Bd6 13. cxd5 exd5 14. Nd4 Qe7 15. Ra1 Rfe8 16. Re1 Bc5 17. Qc2 Ne5 18. N2f3 Neg4 19. Qd2 Bb6 20. b4 Qd6 21. Rf1 Ne5 22. Nh4 Qd8 23. Nhf5 Bxf5 24. Nxf5 d4 25. Rfe1 Kh7 26. Bg2 Qd7 27. Nh4 Nd5 28. Nf5 Nf6 29. Nh4 g5 30. Nf3 Nxf3+ 31. Bxf3 Nd5 32. Qc2 axb4 33. axb4 Nxb4 34. Qc4 Na6 35. e3 dxe3 36. fxe3 Rxe3 37. Kg2 Rxf3 38. Qe4+ Qf5 39. Qxf3 Qxf3+ 40. Kxf3 Rd8 41. Rad1 Bc5 42. Re4 Nc7 43. Ke2 Ne6 44. Rb1 Rd7 45. Ra1 Bd4 46. Ra2 b5 47. Bxd4 Nxd4+ 48. Ke3 c5 49. Ra6 b4 50. Re5 Rc7 51. Rb6 Kg7 52. Ke4 Ne6 53. Rd5 Ra7 54. Rf5 Rc7 55. Rd5 Nd4 56. Re5 f5+ 57. Ke3 b3 58. Re8 Nc2+ 59. Kd2 Nb4 60. Reb8 b2 61. Rxb4 cxb4 62. Rxb4 Kg6 63. Rxb2 Kh5 64. d4 Kg4 65. Rb6 h5 66. Rb5 Rf7 67. d5 f4 68. gxf4 gxf4 69. Ke2 Rf5 70. Kf2 Re5 71. Ra5 h4 72. Ra3 Rxd5 73. h3+ Kf5 74. Kf3 Rb5 75. Rc3 Re5 1/2-1/2